000 00207nam a22000977a 4500
082 _a629.224 MAI'N
245 _aMAINTENANCE AND REPAIR
260 _aMOSCOW
_bAUTOEXPORT
_c1969
300 _a346P
942 _cBK
999 _c582282
_d582282